| 000 | 01035cam a2200313 a 4500 | ||
|---|---|---|---|
| 001 | 14882887 | ||
| 005 | 20141015131105.0 | ||
| 008 | 070607s2008 enka b 001 0 eng | ||
| 010 | _a 2007930356 | ||
| 015 |
_aGBA773187 _2bnb |
||
| 016 | 7 |
_a013888899 _2Uk |
|
| 020 | _a1412919738 (pbk.) | ||
| 020 | _a9781412919739 (pbk.) | ||
| 035 | _a(OCoLC)ocn171557451 | ||
| 040 |
_aUKM _cUKM _dYDXCP _dBAKER _dBWKUK _dBTCTA _dIXA _dDLC |
||
| 042 | _alccopycat | ||
| 050 | 0 | 0 |
_aJA71 _b.S299 2008 |
| 082 | 0 | 4 |
_a320.5 _222 _bSCH |
| 100 | 1 |
_aSchwarzmantel, J. J. _q(John J.), _d1947- _928448 |
|
| 245 | 1 | 0 |
_aIdeology and politics / _cJohn Schwarzmantel. |
| 260 |
_aLondon ; _aThousand Oaks, CA : _bSAGE, _c2008. |
||
| 300 |
_aviii, 198 p. : _bill. ; _c25 cm. |
||
| 504 | _aIncludes bibliographical references (p. [184]-190) and index. | ||
| 650 | 0 |
_aPolitical science _xPhilosophy. _928449 |
|
| 653 | _cJanuary2012 | ||
| 942 |
_2ddc _cBB |
||
| 999 |
_c16349 _d16349 |
||